Skeleton key / (Record no. 3362)

MARC details
000 -LEADER
fixed length control field 00823nam a22002537a 4500
001 - CONTROL NUMBER
control field 3362
003 - CONTROL NUMBER IDENTIFIER
control field FISKH
005 - DATE AND TIME OF LATEST TRANSACTION
control field 20240304151842.0
008 - FIXED-LENGTH DATA ELEMENTS--GENERAL INFORMATION
fixed length control field 240229b cb ||||| |||| 00| 0 eng d
040 ## - CATALOGING SOURCE
Original cataloging agency FISK
Language of cataloging eng
Transcribing agency FISK
Modifying agency FISK
050 ## - LIBRARY OF CONGRESS CALL NUMBER
Classification number PZ7.H7875
082 ## - DEWEY DECIMAL CLASSIFICATION NUMBER
Classification number 823.914
100 ## - MAIN ENTRY--PERSONAL NAME
Personal name Horowitz Anthony :
Dates associated with a name 1955-
245 ## - TITLE STATEMENT
Title Skeleton key /
Statement of responsibility, etc. Anthony Horowitz
260 ## - PUBLICATION, DISTRIBUTION, ETC.
Place of publication, distribution, etc. London :
Name of publisher, distributor, etc. Walker books,
Date of publication, distribution, etc. 2015
300 ## - PHYSICAL DESCRIPTION
Extent 346 pages :
Dimensions 21 cm :
490 ## - SERIES STATEMENT
Materials specified Alex Rider
505 ## - FORMATTED CONTENTS NOTE
Formatted contents note M
520 ## - SUMMARY, ETC.
Summary, etc. Reluctant teenage-spy Alex Rider, on a routine mission at the Wimbledon tennis championships, gets caught up in Chinese gangs, illegal nuclear weapons, and the suspect plans of his Russian host, General Sarov.
521 8# - TARGET AUDIENCE NOTE
Target audience note 630
Source M
700 ## - ADDED ENTRY--PERSONAL NAME
Personal name Anthony Horowitz
942 ## - ADDED ENTRY ELEMENTS (KOHA)
Source of classification or shelving scheme Dewey Decimal Classification
Koha item type Books
Suppress in OPAC No
Holdings
Withdrawn status Lost status Source of classification or shelving scheme Damaged status Not for loan Collection Home library Current library Shelving location Date acquired Total Checkouts Full call number Barcode Date last seen Copy number Price effective from Koha item type
    Dewey Decimal Classification     Fiction Footprints International School Library Network Toul Kork Campus Footprints International School Library Network Toul Kork Campus   02/29/2024   HOR PZ7.H7875 823.914 2024-0143 02/29/2024 1 02/29/2024 Books
    Dewey Decimal Classification     Fiction Footprints International School Library Network Toul Kork Campus Footprints International School Library Network Toul Kork Campus   03/01/2024   HOR PZ7.H7875 823.914 2024-0162 03/01/2024 2 03/01/2024 Books